| 000 | 01382nam a2200337 i 4500 | ||
|---|---|---|---|
| 001 | 768714001 | ||
| 003 | CO-MdFUSB | ||
| 005 | 20260220200657.0 | ||
| 007 | ta | ||
| 008 | 191108t2014 sp |||| b||| 00| 0 spa d | ||
| 020 | _a978-84-8267-865-8 | ||
| 040 |
_aCO-MdFUSB _bspa _cCO-MdFUSB _dCO-MdFUSBC _erda |
||
| 041 | _aspa | ||
| 082 |
_223 _a227.83 _bP438 |
||
| 100 | 1 |
_aPérez Millos, Samuel _eautor |
|
| 245 | 1 |
_a1 y 2ª Tesalonicenses : _bcomentario exegético al texto griego del Nuevo Testamento. _c/ Samuel Pérez Millos |
|
| 264 | 1 |
_aBarcelona, España : _bClie, _c[2014] |
|
| 264 | 4 | _c© 2014 | |
| 300 |
_a484 páginas _c; 25 cm |
||
| 336 |
_2rdacontent _atexto _btxt |
||
| 337 |
_2rdamedia _asin mediación _bn |
||
| 338 |
_2rdacarrier _avolumen _bnc |
||
| 500 | _aIncluye índice y referencias bibliográficas | ||
| 505 |
_tI Tesalonicenses: _aLa iglesia en Tesalónica.-- Ejemplo de servicio.-- Interés por la fe.-- Testimonio y esperanza.-- Mirando al futuro, viviendo el presente. _tII Tesalonicenses: _aAfrontando las pruebas.-- El tiempo de la venida del Señor.-- La conducta cristiana. |
||
| 563 | _aPasta dura | ||
| 630 | 0 | 7 |
_aBiblia. _pTesalonicenses, 1ª _xCrítica, interpretación, etc. |
| 630 | 0 | 7 |
_aBiblia. _pTesalonicenses, 2ª _xCrítica, interpretación, etc. |
| 650 | 0 |
_91842 _aComentarios Bíblicos |
|
| 942 | _cBK | ||
| 945 | _aCatherine Arias Alvarez | ||
| 999 |
_c71226 _d71226 |
||